Konštruktivizmus vo vyučovaní anglického jazyka v ZŠ

Saved in:
Bibliographic Details
Main Author: Kvapil, Roman, 1971-
Other Authors: Šipošová, Martina, Kostrub, Dušan, Javorčíková, Jana
Format: Book
Language:Slovak
Published: Bratislava Metodicko-pedagogické centrum 2014
Edition:1. vyd.
Subjects:
Tags: Add Tag
No Tags, Be the first to tag this record!

MARC

LEADER 00000nam a2200000 4500
001 0193043
005 20240502073233.5
020 |a 978-80-8052-994-9 
041 0 |a slo 
044 |a SK 
245 1 0 |a Konštruktivizmus vo vyučovaní anglického jazyka v ZŠ  |c Roman Kvapil, Martina Šipošová ; recenzenti: Dušan Kostrub, Jana Javorčíková 
250 |a 1. vyd. 
264 1 |a Bratislava  |b Metodicko-pedagogické centrum  |c 2014 
300 |a 51 s. [3,22 AH] 
610 2 0 |a vyučovanie 
610 2 0 |a jazyky cudzie 
610 2 0 |a angličtina 
610 2 0 |a školy základné 
610 2 0 |a pedagogika 
610 2 0 |a komunikácia 
610 2 0 |a gramatika 
610 2 0 |a zásoba slovná 
100 1 |a Kvapil, Roman, 1971- 
700 1 |a Šipošová, Martina 
700 1 |a Kostrub, Dušan 
700 1 |a Javorčíková, Jana